| 000 | 00359 a2200133 4500 | ||
|---|---|---|---|
| 003 | Nust | ||
| 005 | 20170207164544.0 | ||
| 040 | _cNust | ||
| 245 | _aActive Directory Cookbook for Windows Server 2003 and Windows 2000 | ||
| 260 |
_bOreilly _c1998. |
||
| 300 | _a589p | ||
| 500 | _aE Book | ||
| 650 | _aActive Directory Cookbook for Windows Server 2003 and Windows 2000 | ||
| 942 |
_2ddc _cBK |
||
| 999 |
_c209229 _d209229 |
||